00389nam a2200157Ia 45000010006000000050017000060080041000230410008000640820015000721000039000872450052001262600009001783000028001876500008002156540008002231955920260306172702.0260306t2006||||xx |||||||||||||| ||spa|| aESP a340.4bP85 aPresno Linera, Miguel ÁngeleAUT 0aUna introducción cinematográfica al derecho c2006 a275 páginas :c21 cm. aGEN aCDE